[Event "XI Miedzynarodowy Festiwal Szachowy KOLO"]
[Site "KOLOBRZEG - Gimnazjum nr 3 - u"]
[Date "2010.??.??"]
[Round "1.1"]
[White "Grabarczyk, Bogdan"]
[Black "Zielinski, Wojciech"]
[Result "1-0"]
[WhiteElo "2450"]
[BlackElo "2008"]
[PlyCount "43"]
[EventDate "2010.??.??"]

1. e4 e6 2. d4 d5 3. e5 c5 4. c3 Nc6 5. Nf3 f6 6. Bb5 Bd7 7. Qe2 Qb6 8. Bxc6
bxc6 9. dxc5 Bxc5 10. O-O Ne7 11. b4 Bxb4 12. cxb4 Qxb4 13. Ba3 Qg4 14. Qb2 Ng6
15. exf6 gxf6 16. Qxf6 Qf4 17. Qxf4 Nxf4 18. Nc3 Rg8 19. g3 e5 20. Nxe5 Bh3 21.
Rfe1 O-O-O 22. Nxc6 1-0

[Event "XI Miedzynarodowy Festiwal Szachowy KOLO"]
[Site "KOLOBRZEG - Gimnazjum nr 3 - u"]
[Date "2010.??.??"]
[Round "1.2"]
[White "Pilat, Wieslaw"]
[Black "Kukawski, Maciej"]
[Result "0-1"]
[WhiteElo "2004"]
[BlackElo "2327"]
[PlyCount "44"]
[EventDate "2010.??.??"]

1. e4 e5 2. Nf3 Nc6 3. d4 exd4 4. Nxd4 Bc5 5. Be3 Qf6 6. c3 Nge7 7. Bc4 b6 8.
O-O Bb7 9. Nb5 O-O-O 10. Bxc5 bxc5 11. Nd2 d5 12. exd5 Nxd5 13. Ne4 Qe5 14. Qc2
a6 15. Na3 Ncb4 16. Qb1 Nf4 17. f3 Nbd3 18. g3 Ne2+ 19. Kg2 Bxe4 20. fxe4 Qxe4+
21. Rf3 Nec1 22. Qc2 Ne1+ 0-1

[Event "XI Miedzynarodowy Festiwal Szachowy KOLO"]
[Site "KOLOBRZEG - Gimnazjum nr 3 - u"]
[Date "2010.??.??"]
[Round "1.3"]
[White "Chmiel, Dominika"]
[Black "Bukowska, Katarzyna"]
[Result "1-0"]
[WhiteElo "2170"]
[BlackElo "2002"]
[PlyCount "43"]
[EventDate "2010.??.??"]

1. e4 e5 2. Nf3 Nc6 3. Bb5 a6 4. Ba4 Nf6 5. d4 exd4 6. O-O Be7 7. Re1 b5 8. Bb3
d6 9. Bd5 Bd7 10. Nxd4 Nxd5 11. Nxc6 Bxc6 12. exd5 Bb7 13. a4 Qd7 14. axb5 axb5
15. Rxa8+ Bxa8 16. Nc3 O-O 17. Qe2 Bf6 18. Qxb5 Qf5 19. Re8 g6 20. Bh6 Bg7 21.
Bxg7 Kxg7 22. Rxf8 1-0

[Event "XI Miedzynarodowy Festiwal Szachowy KOLO"]
[Site "KOLOBRZEG - Gimnazjum nr 3 - u"]
[Date "2010.??.??"]
[Round "1.4"]
[White "Jewulski, Krzysztof"]
[Black "Zielinski, Stanislaw"]
[Result "0-1"]
[WhiteElo "2002"]
[BlackElo "2138"]
[PlyCount "72"]
[EventDate "2010.??.??"]

1. d4 Nf6 2. c4 g6 3. Nc3 Bg7 4. e4 d6 5. f4 O-O 6. Nf3 c5 7. Be2 Bg4 8. O-O
Nc6 9. Be3 cxd4 10. Nxd4 Bxe2 11. Qxe2 Nxe4 12. Nxe4 Nxd4 13. Qf2 Nf5 14. Rad1
Nxe3 15. Qxe3 Qb6 16. c5 dxc5 17. Qxc5 Qxb2 18. Rd2 Qb6 19. Qxb6 axb6 20. Rc1
Ra4 21. Nc3 Rxf4 22. Ne2 Re4 23. Rc7 Bh6 24. Rdc2 Be3+ 25. Kf1 Rd8 26. Rc8 Rxc8
27. Rxc8+ Kg7 28. Nc3 Rf4+ 29. Ke2 Bc5 30. Nd1 Ra4 31. Nc3 Ra3 32. Kd3 Bb4 33.
Rc4 Rxc3+ 34. Rxc3 Bxc3 35. Kxc3 e5 36. Kc4 e4 0-1

[Event "XI Miedzynarodowy Festiwal Szachowy KOLO"]
[Site "KOLOBRZEG - Gimnazjum nr 3 - u"]
[Date "2010.??.??"]
[Round "1.5"]
[White "Aly, Adel Mohamed"]
[Black "Zielinski, Maciej"]
[Result "0-1"]
[WhiteElo "2132"]
[BlackElo "1973"]
[PlyCount "95"]
[EventDate "2010.??.??"]

1. g3 g6 2. Bg2 Bg7 3. d3 Nf6 4. e4 d6 5. Ne2 c5 6. O-O Nc6 7. h3 O-O 8. Be3 e6
9. a4 Qe7 10. f4 d5 11. e5 Nd7 12. c3 f6 13. exf6 Nxf6 14. d4 cxd4 15. Nxd4 Bd7
16. Nd2 Nh5 17. Ne2 Rad8 18. b4 d4 19. cxd4 Nxb4 20. Rb1 Bc6 21. Bxc6 Nxc6 22.
Nf3 b6 23. Qb3 Na5 24. Qa2 Kh8 25. Bf2 Nf6 26. Rfe1 Nd5 27. Ng5 h6 28. Nf3 Rc8
29. Rbc1 Qb4 30. Kg2 Rc4 31. Rxc4 Qxc4 32. Qb1 Ne7 33. g4 Nac6 34. Qe4 Qd5 35.
Nc3 Qxe4 36. Rxe4 Nd5 37. Ne2 Nc7 38. Bh4 Kg8 39. Re3 Nb4 40. Rb3 Ncd5 41. Rxb4
Nxb4 42. Be7 Nd3 43. Bxf8 Kxf8 44. Ne5 Bxe5 45. dxe5 Ke7 46. Kf3 a6 47. Ke3 Nc5
48. Nc3 0-1

[Event "XI Miedzynarodowy Festiwal Szachowy KOLO"]
[Site "KOLOBRZEG - Gimnazjum nr 3 - u"]
[Date "2010.??.??"]
[Round "1.6"]
[White "Walczak, Krystian"]
[Black "Krainski, Slawomir"]
[Result "1-0"]
[WhiteElo "1963"]
[BlackElo "2120"]
[PlyCount "63"]
[EventDate "2010.??.??"]

1. e4 c5 2. Nf3 Nc6 3. d4 cxd4 4. Nxd4 Nf6 5. Nc3 e5 6. Ndb5 d6 7. Bg5 a6 8.
Bxf6 gxf6 9. Na3 b5 10. Nd5 Bg7 11. c3 f5 12. exf5 Bxf5 13. Nc2 Be6 14. Nce3
O-O 15. Bd3 f5 16. O-O Ne7 17. Be2 Ng6 18. g3 Rb8 19. a4 f4 20. Ng2 Qd7 21.
axb5 axb5 22. Ra6 Bh3 23. Bf3 Rbe8 24. Re1 fxg3 25. fxg3 e4 26. Bxe4 Rxe4 27.
Rxe4 Qf5 28. Rf4 Nxf4 29. Ne7+ Kh8 30. Nxf5 Nxg2 31. Nxg7 Ne3 32. Qd3 1-0

[Event "XI Miedzynarodowy Festiwal Szachowy KOLO"]
[Site "KOLOBRZEG - Gimnazjum nr 3 - u"]
[Date "2010.??.??"]
[Round "1.7"]
[White "Kobus, Sebastian"]
[Black "Chmiel, Piotr"]
[Result "1-0"]
[WhiteElo "2080"]
[BlackElo "1944"]
[PlyCount "99"]
[EventDate "2010.??.??"]

1. e4 e5 2. Nc3 Nf6 3. f4 d6 4. Bc4 Bg4 5. Nf3 Nc6 6. O-O Nd4 7. fxe5 Bxf3 8.
gxf3 dxe5 9. d3 Nh5 10. f4 Nxf4 11. Bxf4 exf4 12. Qh5 Qd7 13. Qe5+ Ne6 14. Bxe6
fxe6 15. Qxf4 O-O-O 16. Kh1 Bc5 17. a4 a6 18. Ne2 Rhf8 19. Qe5 Bd6 20. Qd4 Qe7
21. e5 Bc5 22. Qe4 Qg5 23. d4 Ba7 24. c3 g6 25. b4 Qd2 26. Rf6 Rfe8 27. a5 c6
28. Rf7 Rd7 29. Rxd7 Kxd7 30. Rf1 Re7 31. Qf3 Bb8 32. Ng3 Qh6 33. Ne4 Qg7 34.
Qf8 Qxf8 35. Rxf8 Kc7 36. Nd6 Ba7 37. Kg2 c5 38. bxc5 Kc6 39. c4 Rc7 40. Ra8
Bxc5 41. dxc5 Kxc5 42. Re8 Kb4 43. Rxe6 Kxa5 44. Rf6 b5 45. e6 Re7 46. Nc8 Re8
47. e7 Rxc8 48. Rf8 Rxc4 49. e8=Q b4 50. Rf1 1-0

[Event "XI Miedzynarodowy Festiwal Szachowy KOLO"]
[Site "KOLOBRZEG - Gimnazjum nr 3 - u"]
[Date "2010.??.??"]
[Round "1.8"]
[White "Kramer, Norbert"]
[Black "Kuznicki, Cyprian"]
[Result "1-0"]
[WhiteElo "1812"]
[BlackElo "2014"]
[PlyCount "115"]
[EventDate "2010.??.??"]

1. Nf3 g6 2. d4 Bg7 3. c4 d6 4. Nc3 Nc6 5. e3 e5 6. d5 Nce7 7. e4 h6 8. Be3 b6
9. Be2 Nf6 10. Nd2 O-O 11. O-O Nd7 12. b4 f5 13. f3 f4 14. Bf2 g5 15. a4 a5 16.
bxa5 Rxa5 17. Nb3 Ra8 18. Nb5 Ba6 19. Qd2 Bxb5 20. cxb5 Nc5 21. Qb4 h5 22. Qc4
Kf7 23. Bxc5 bxc5 24. Nxc5 dxc5 25. d6+ Kf6 26. dxe7 Qxe7 27. Rfc1 Rfd8 28.
Qxc5 Qxc5+ 29. Rxc5 Rd7 30. Rc6+ Ke7 31. a5 Ra7 32. a6 Rd2 33. Kf2 Rd6 34. Rac1
Kd7 35. Ke1 Bf8 36. Rd1 Rxd1+ 37. Kxd1 Bd6 38. Bc4 Ke7 39. Bd5 h4 40. Rc2 Kd7
41. Bb7 Kd8 42. Rc6 Kd7 43. Ke2 Ke7 44. Kf2 Kd7 45. g3 h3 46. gxf4 exf4 47. Rc1
Ke7 48. Ke2 Kf6 49. Rc6 Ke7 50. Kd3 Ke6 51. Kd4 Kd7 52. e5 Bb4 53. Rh6 Be1 54.
Kd5 g4 55. Rh7+ Kd8 56. Ke6 Rxa6+ 57. Bxa6 c5 58. b6 1-0

[Event "XI Miedzynarodowy Festiwal Szachowy KOLO"]
[Site "KOLOBRZEG - Gimnazjum nr 3 - u"]
[Date "2010.??.??"]
[Round "2.1"]
[White "Zielinski, Maciej"]
[Black "Grabarczyk, Bogdan"]
[Result "0-1"]
[WhiteElo "1973"]
[BlackElo "2450"]
[PlyCount "48"]
[EventDate "2010.??.??"]

1. e4 c5 2. Nf3 e6 3. d4 cxd4 4. Nxd4 a6 5. Bd3 Nf6 6. O-O d6 7. Nc3 Nbd7 8. a4
b6 9. Kh1 Bb7 10. f4 g6 11. Qe2 Bg7 12. f5 gxf5 13. Bc4 Qe7 14. Rxf5 Nxe4 15.
Rxf7 Qxf7 16. Nxe4 Bxe4 17. Nxe6 d5 18. Nc7+ Kf8 19. Nxa8 dxc4 20. Bf4 Bxa8 21.
Rf1 Nf6 22. Qe5 Qd5 23. Qb8+ Kf7 24. Qc7+ Kg6 0-1

[Event "XI Miedzynarodowy Festiwal Szachowy KOLO"]
[Site "KOLOBRZEG - Gimnazjum nr 3 - u"]
[Date "2010.??.??"]
[Round "2.2"]
[White "Kukawski, Maciej"]
[Black "Kobus, Sebastian"]
[Result "1-0"]
[WhiteElo "2327"]
[BlackElo "2080"]
[PlyCount "125"]
[EventDate "2010.??.??"]

1. e4 e5 2. Nf3 Nf6 3. Nxe5 d6 4. Nxf7 Kxf7 5. d4 c5 6. dxc5 Nc6 7. Bc4+ d5 8.
Bxd5+ Be6 9. Bxe6+ Kxe6 10. Qe2 Qa5+ 11. Nc3 Qxc5 12. Be3 Nd4 13. Bxd4 Qxd4 14.
Rd1 Qe5 15. Qc4+ Ke7 16. O-O Rd8 17. f4 Qe6 18. Qe2 Kf7 19. e5 Bc5+ 20. Kh1
Rxd1 21. Rxd1 Re8 22. Qb5 b6 23. exf6 Qe1+ 24. Qf1 Qxf1+ 25. Rxf1 Kxf6 26. Rd1
a5 27. g3 Bb4 28. Nd5+ Kf5 29. a3 Bf8 30. Nc3 g6 31. Rd5+ Kf6 32. Kg2 Re1 33.
Rd1 Re8 34. Kf3 Rc8 35. Rd7 Ke6 36. Rb7 Bxa3 37. Rxb6+ Kd7 38. Ne4 Be7 39. c3
a4 40. g4 Kc7 41. Rb5 Rd8 42. Re5 Bf8 43. Ra5 Rd3+ 44. Kg2 Re3 45. Rxa4 Re2+
46. Kf3 Rxh2 47. b4 Rh3+ 48. Kg2 Re3 49. Nf6 Kc6 50. c4 h6 51. Nd5 Rb3 52. Ra6+
Kb7 53. Rxg6 Ka7 54. c5 Rd3 55. Nc7 Rd2+ 56. Kf3 Rd3+ 57. Ke4 Rb3 58. Nd5 Rg3
59. Rg8 h5 60. Rxf8 h4 61. Ne3 Ka6 62. c6 Kb6 63. b5 1-0

[Event "XI Miedzynarodowy Festiwal Szachowy KOLO"]
[Site "KOLOBRZEG - Gimnazjum nr 3 - u"]
[Date "2010.??.??"]
[Round "2.3"]
[White "Lada, Damian"]
[Black "Chmiel, Dominika"]
[Result "0-1"]
[WhiteElo "1594"]
[BlackElo "2170"]
[PlyCount "106"]
[EventDate "2010.??.??"]

1. e4 e5 2. Nf3 Nc6 3. d4 exd4 4. Bc4 Nf6 5. e5 d5 6. Bb5 Ne4 7. Nxd4 Bc5 8.
Be3 Bd7 9. Bxc6 bxc6 10. O-O O-O 11. f3 Ng5 12. f4 Ne4 13. Nd2 Nxd2 14. Qxd2
Qe7 15. Qc3 Bb6 16. Nb3 Bxe3+ 17. Qxe3 Qb4 18. f5 Rfe8 19. Rf4 Qe7 20. Nc5 Rad8
21. Re1 d4 22. Qxd4 Bxf5 23. Qf2 Bg6 24. h3 Rd5 25. b4 Rxe5 26. Rxe5 Qxe5 27.
Rf3 Qa1+ 28. Kh2 Qxa2 29. Re3 Rc8 30. Qe2 f6 31. c3 Qd5 32. Re7 Qd6+ 33. Kg1
Bf7 34. Rd7 Qf8 35. Qg4 Qe8 36. Qg3 h5 37. Rxc7 Rxc7 38. Qxc7 Qe1+ 39. Kh2 Qxc3
40. Qxc6 Qe5+ 41. Kg1 Bd5 42. Qc8+ Kh7 43. Qa6 h4 44. Qf1 Bc6 45. Qf2 Qg5 46.
Ne6 Qc1+ 47. Kh2 Qc4 48. Qf5+ Kg8 49. Nc5 Qd5 50. Qxd5+ Bxd5 51. Kg1 Kf7 52.
Kf2 g5 53. Nd3 Kg6 0-1

[Event "XI Miedzynarodowy Festiwal Szachowy KOLO"]
[Site "KOLOBRZEG - Gimnazjum nr 3 - u"]
[Date "2010.??.??"]
[Round "2.4"]
[White "Zielinski, Stanislaw"]
[Black "Walczak, Krystian"]
[Result "1/2-1/2"]
[WhiteElo "2138"]
[BlackElo "1963"]
[PlyCount "77"]
[EventDate "2010.??.??"]

1. Nf3 g6 2. g3 Bg7 3. Bg2 c5 4. O-O Nf6 5. d3 O-O 6. e4 Nc6 7. c3 d6 8. h3 c4
9. Be3 cxd3 10. Qxd3 Be6 11. Nd4 Ne5 12. Nxe6 Nxd3 13. Nxd8 Rfxd8 14. Nd2 d5
15. Bg5 dxe4 16. Nxe4 Nxe4 17. Bxe4 Kf8 18. Bxd3 Rxd3 19. Rad1 Rad8 20. Rxd3
Rxd3 21. Re1 e6 22. Re2 Ke8 23. Rd2 Rxd2 24. Bxd2 Kd7 25. a4 Kc6 26. Kf1 Kd5
27. b3 a6 28. Ke2 b5 29. axb5 axb5 30. f3 f5 31. Kd3 Be5 32. g4 h5 33. c4+
bxc4+ 34. bxc4+ Kc6 35. Bb4 Bf6 36. Bc3 Bxc3 37. Kxc3 Kc5 38. gxh5 gxh5 39. f4
1/2-1/2

[Event "XI Miedzynarodowy Festiwal Szachowy KOLO"]
[Site "KOLOBRZEG - Gimnazjum nr 3 - u"]
[Date "2010.??.??"]
[Round "2.5"]
[White "Krainski, Slawomir"]
[Black "Kramer, Norbert"]
[Result "1-0"]
[WhiteElo "2120"]
[BlackElo "1812"]
[PlyCount "77"]
[EventDate "2010.??.??"]

1. e4 d5 2. exd5 Qxd5 3. Nf3 Nf6 4. d4 e6 5. Be2 a6 6. O-O Be7 7. c4 Qd8 8. Nc3
O-O 9. Bf4 b6 10. Ne5 Bb7 11. Bf3 Qc8 12. Qe2 Re8 13. Rad1 Nfd7 14. a3 Nxe5 15.
dxe5 c5 16. Bxb7 Qxb7 17. Qg4 f5 18. exf6 Bxf6 19. Rfe1 Qf7 20. Ne4 Be7 21. Bc7
b5 22. Bb6 bxc4 23. Bxc5 Nc6 24. Nd6 Bxd6 25. Rxd6 Nd8 26. Red1 Qf5 27. Qd4 Qg5
28. h4 Qf6 29. Qe4 Rc8 30. Bd4 Qf5 31. Qxf5 exf5 32. Rxa6 Re2 33. Bc3 Ne6 34.
Rd7 Re4 35. f3 Re2 36. Kf1 Re8 37. Raa7 Nd8 38. Rxg7+ Kf8 39. Rxh7 1-0

[Event "XI Miedzynarodowy Festiwal Szachowy KOLO"]
[Site "KOLOBRZEG - Gimnazjum nr 3 - u"]
[Date "2010.??.??"]
[Round "2.6"]
[White "Bukowska, Katarzyna"]
[Black "Aly, Adel Mohamed"]
[Result "1-0"]
[WhiteElo "2002"]
[BlackElo "2132"]
[PlyCount "73"]
[EventDate "2010.??.??"]

1. e4 g6 2. d4 d6 3. f4 c5 4. dxc5 Qa5+ 5. c3 Qxc5 6. Bd3 Nf6 7. Qe2 Bg7 8. Nf3
O-O 9. Be3 Qc7 10. h3 Nbd7 11. Nbd2 Nc5 12. Bc2 b6 13. e5 Nd5 14. O-O-O Ba6 15.
Qf2 Nb4 16. Bxc5 Nxa2+ 17. Kb1 Nxc3+ 18. bxc3 bxc5 19. Ne4 Qa5 20. Kc1 dxe5 21.
Qxc5 Qa1+ 22. Kd2 Rad8+ 23. Ke3 Qb2 24. Rxd8 exf4+ 25. Kxf4 Rxd8 26. Qxe7 Rf8
27. Nf6+ Bxf6 28. Qxf6 Qxc2 29. Qxa6 Qxg2 30. Qf1 Qc2 31. Qc4 Qf5+ 32. Kg3 Rc8
33. Qd4 Qc2 34. Re1 h6 35. Re3 a5 36. Ne5 Qc1 37. Ng4 1-0

[Event "XI Miedzynarodowy Festiwal Szachowy KOLO"]
[Site "KOLOBRZEG - Gimnazjum nr 3 - u"]
[Date "2010.??.??"]
[Round "2.7"]
[White "Kuznicki, Cyprian"]
[Black "Pilat, Wieslaw"]
[Result "0-1"]
[WhiteElo "2014"]
[BlackElo "2004"]
[PlyCount "54"]
[EventDate "2010.??.??"]

1. d4 e6 2. Nf3 Nf6 3. b3 d5 4. Bb2 c5 5. e3 Nc6 6. Be2 cxd4 7. exd4 Bd6 8. O-O
O-O 9. Ne5 Qc7 10. f4 Ne4 11. Nd2 f5 12. c4 Nxe5 13. fxe5 Bb4 14. Nxe4 fxe4 15.
c5 Rxf1+ 16. Bxf1 Qf7 17. a3 Ba5 18. b4 Bd8 19. Bc1 Bh4 20. Ra2 Bd7 21. Qg4 Rf8
22. Qe2 Bb5 23. Qxb5 Bf2+ 24. Kh1 Bxd4 25. h4 Qxf1+ 26. Qxf1 Rxf1+ 27. Kh2
Bxe5+ 0-1

[Event "XI Miedzynarodowy Festiwal Szachowy KOLO"]
[Site "KOLOBRZEG - Gimnazjum nr 3 - u"]
[Date "2010.??.??"]
[Round "2.8"]
[White "Zielinski, Wojciech"]
[Black "Jewulski, Krzysztof"]
[Result "1-0"]
[WhiteElo "2008"]
[BlackElo "2002"]
[PlyCount "81"]
[EventDate "2010.??.??"]

1. e4 e5 2. Nf3 Nf6 3. Nc3 Nc6 4. Bc4 Bb4 5. d3 d6 6. a3 Ba5 7. O-O Bg4 8. h3
Bh5 9. Be3 Qd7 10. Nd5 Bb6 11. Nxf6+ gxf6 12. g4 Bg6 13. Bh6 O-O-O 14. Kh2 Ne7
15. Bg7 Rhg8 16. Bxf6 h5 17. Ng5 d5 18. exd5 hxg4 19. hxg4 Nxd5 20. Bxd5 Qxd5
21. Qf3 Rd6 22. Qxd5 Rxd5 23. Kg2 Bd4 24. Rab1 Rd6 25. Be7 Rd7 26. Bf6 Rd6 27.
Be7 Rd7 28. Bf6 e4 29. Bxd4 Rxd4 30. dxe4 Bxe4+ 31. Nxe4 Rxe4 32. f3 Rc4 33. c3
f5 34. Kg3 fxg4 35. f4 Rc6 36. f5 Rc5 37. Rbe1 Kd7 38. f6 Rd5 39. Re7+ Kd8 40.
f7 Rf8 41. Rfe1 1-0

[Event "XI Miedzynarodowy Festiwal Szachowy KOLO"]
[Site "KOLOBRZEG - Gimnazjum nr 3 - u"]
[Date "2010.??.??"]
[Round "3.1"]
[White "Grabarczyk, Bogdan"]
[Black "Kukawski, Maciej"]
[Result "0-1"]
[WhiteElo "2450"]
[BlackElo "2327"]
[PlyCount "86"]
[EventDate "2010.??.??"]

1. e4 e5 2. Nf3 Nc6 3. d4 exd4 4. Nxd4 Bc5 5. Be3 Qf6 6. c3 Nge7 7. g3 d5 8.
Bg2 dxe4 9. Nb5 Bxe3 10. Nxc7+ Kf8 11. fxe3 Rb8 12. Na3 Qe5 13. Ncb5 h5 14. O-O
Rh6 15. Qa4 Bf5 16. Rad1 h4 17. Nc4 Qc5 18. Nd4 hxg3 19. hxg3 Bg4 20. Nd2 Bxd1
21. Qxd1 Kg8 22. Nxe4 Qh5 23. Qxh5 Rxh5 24. Nd6 f6 25. c4 Rg5 26. Kh2 Ne5 27.
Bxb7 Nxc4 28. Nxc4 Rxb7 29. b3 Rd5 30. Kg2 Ng6 31. Nf3 Rbd7 32. Rc1 Rd1 33. Rc2
Ne7 34. e4 Ra1 35. e5 Nd5 36. a3 Rb1 37. exf6 gxf6 38. b4 Rc7 39. Rd2 Rxc4 40.
Rxd5 Rc2+ 41. Kh3 Rc3 42. Rd8+ Kf7 43. Kg4 f5+ 0-1

[Event "XI Miedzynarodowy Festiwal Szachowy KOLO"]
[Site "KOLOBRZEG - Gimnazjum nr 3 - u"]
[Date "2010.??.??"]
[Round "3.2"]
[White "Chmiel, Dominika"]
[Black "Zielinski, Stanislaw"]
[Result "1-0"]
[WhiteElo "2170"]
[BlackElo "2138"]
[PlyCount "79"]
[EventDate "2010.??.??"]

1. e4 e5 2. Nf3 Nc6 3. Bb5 a6 4. Ba4 Nf6 5. d4 Nxe4 6. Qe2 b5 7. d5 Nc5 8. dxc6
bxa4 9. cxd7+ Bxd7 10. Nxe5 Be7 11. O-O O-O 12. Rd1 Bd6 13. Nxd7 Qxd7 14. Nc3
Qf5 15. Rd5 Qg6 16. Qh5 Qxh5 17. Rxh5 a3 18. b3 Rfe8 19. Be3 Be5 20. Bxc5 Bxc3
21. Rd1 Re2 22. Be3 Bb4 23. Rh4 Re1+ 24. Rxe1 Bxe1 25. Ra4 a5 26. Rxa3 Rd8 27.
g3 Rd1 28. Kg2 h6 29. Ra4 Bc3 30. Rc4 Be5 31. Rc5 Bd6 32. Rxa5 Ra1 33. Bd4 Rd1
34. c3 Rd2 35. b4 Kh7 36. Ra8 Rd3 37. a3 h5 38. Kf1 Rd2 39. Ke1 Ra2 40. a4 1-0

[Event "XI Miedzynarodowy Festiwal Szachowy KOLO"]
[Site "KOLOBRZEG - Gimnazjum nr 3 - u"]
[Date "2010.??.??"]
[Round "3.3"]
[White "Walczak, Krystian"]
[Black "Zielinski, Wojciech"]
[Result "1/2-1/2"]
[WhiteElo "1963"]
[BlackElo "2008"]
[PlyCount "63"]
[EventDate "2010.??.??"]

1. e4 e6 2. d4 d5 3. exd5 exd5 4. Bd3 Bd6 5. Nf3 Nf6 6. O-O O-O 7. Bg5 Bg4 8.
h3 Bh5 9. c3 Nbd7 10. Nbd2 c6 11. Qc2 Qc7 12. Rfe1 Rfe8 13. Rxe8+ Rxe8 14. Re1
Rxe1+ 15. Nxe1 Bg6 16. Kf1 Bxd3+ 17. Qxd3 h6 18. Bxf6 Nxf6 19. Nef3 g6 20. Qe2
Qe7 21. Qxe7 Bxe7 22. Ke2 Kg7 23. Ne5 Bd6 24. Ke3 Kf8 25. g4 Ke7 26. f4 Nd7 27.
Ndf3 Bxe5 28. Nxe5 Nxe5 29. dxe5 Ke6 30. Kd4 b6 31. b4 a6 32. c4 1/2-1/2

[Event "XI Miedzynarodowy Festiwal Szachowy KOLO"]
[Site "KOLOBRZEG - Gimnazjum nr 3 - u"]
[Date "2010.??.??"]
[Round "3.4"]
[White "Chmiel, Piotr"]
[Black "Krainski, Slawomir"]
[Result "0-1"]
[WhiteElo "1944"]
[BlackElo "2120"]
[PlyCount "76"]
[EventDate "2010.??.??"]

1. e4 c5 2. Nf3 Nc6 3. Bb5 Qc7 4. Nc3 Nf6 5. O-O Nd4 6. Nxd4 cxd4 7. Nd5 Nxd5
8. exd5 Qc5 9. Qe2 Qxd5 10. Bc4 Qf5 11. g4 Qf6 12. d3 e6 13. f4 Bd6 14. Bd2 Qh4
15. Bd5 h5 16. Bf3 hxg4 17. Bxg4 b6 18. Be1 Qh6 19. Rf3 Qg6 20. Rg3 Bxf4 21.
Rg2 Bb7 22. Bf3 Bxh2+ 23. Kf1 Qf5 24. Rxh2 Rxh2 25. Qxh2 Qxf3+ 26. Kg1 Ke7 27.
Bb4+ Kd8 28. Bd6 Qe3+ 29. Kf1 Qh6 30. Qg3 Rc8 31. c4 dxc3 32. Bf4 cxb2 33. Rb1
Qh1+ 34. Kf2 Rc2+ 35. Ke3 Qxb1 36. Qh4+ Ke8 37. Qh8+ Ke7 38. Bg5+ Kd6 0-1

[Event "XI Miedzynarodowy Festiwal Szachowy KOLO"]
[Site "KOLOBRZEG - Gimnazjum nr 3 - u"]
[Date "2010.??.??"]
[Round "3.5"]
[White "Kobus, Sebastian"]
[Black "Zielinski, Maciej"]
[Result "1-0"]
[WhiteElo "2080"]
[BlackElo "1973"]
[PlyCount "47"]
[EventDate "2010.??.??"]

1. e4 c5 2. Nf3 e6 3. d4 cxd4 4. Nxd4 a6 5. Be3 Nf6 6. Bd3 Qc7 7. O-O Be7 8. c4
d6 9. f4 b6 10. Kh1 Bb7 11. Nc3 Nbd7 12. Nf3 O-O 13. f5 exf5 14. Nd5 Qd8 15.
Nd2 fxe4 16. Nxe4 Nxd5 17. cxd5 Bxd5 18. Qh5 Bxe4 19. Bxe4 g6 20. Qh6 Rc8 21.
Rf3 Re8 22. Rxf7 Kxf7 23. Bd5+ Kf6 24. Bd4+ 1-0

[Event "XI Miedzynarodowy Festiwal Szachowy KOLO"]
[Site "KOLOBRZEG - Gimnazjum nr 3 - u"]
[Date "2010.??.??"]
[Round "3.6"]
[White "Pilat, Wieslaw"]
[Black "Lada, Damian"]
[Result "1/2-1/2"]
[WhiteElo "2004"]
[BlackElo "1594"]
[PlyCount "106"]
[EventDate "2010.??.??"]

1. e4 d6 2. d4 Nf6 3. Nc3 g6 4. f4 Bg7 5. Nf3 O-O 6. Bc4 Nxe4 7. Nxe4 d5 8. Bd3
dxe4 9. Bxe4 c6 10. c3 Nd7 11. Be3 Nf6 12. Bd3 Nd5 13. Qd2 a6 14. h3 b5 15. g4
e6 16. g5 Bb7 17. Ke2 c5 18. Rhc1 c4 19. Bc2 h6 20. h4 h5 21. Rf1 Nxe3 22. Qxe3
Bxf3+ 23. Kxf3 b4 24. Kg3 bxc3 25. bxc3 Rb8 26. Rab1 Qa5 27. a4 Qc7 28. Qf3
Rxb1 29. Rxb1 Rb8 30. Qf1 Rxb1 31. Qxb1 Qa5 32. Qe1 Bxd4 33. Bxg6 fxg6 34.
Qxe6+ Kh7 35. cxd4 Qc3+ 36. Kg2 Qd2+ 37. Kf3 Qxd4 38. Qf7+ Kh8 39. Qf8+ Kh7 40.
Qh6+ Kg8 41. Qxg6+ Kf8 42. Qf5+ Kg8 43. Qe6+ Kf8 44. Qh6+ Kg8 45. Qe6+ Kf8 46.
Qc8+ Kg7 47. Qb7+ Kf8 48. Qb4+ Kg8 49. Qb8+ Kf7 50. Qc7+ Kf8 51. Qc8+ Kg7 52.
Qc7+ Kf8 53. Qc8+ Kg7 1/2-1/2

[Event "XI Miedzynarodowy Festiwal Szachowy KOLO"]
[Site "KOLOBRZEG - Gimnazjum nr 3 - u"]
[Date "2010.??.??"]
[Round "3.7"]
[White "Kramer, Norbert"]
[Black "Bukowska, Katarzyna"]
[Result "0-1"]
[WhiteElo "1812"]
[BlackElo "2002"]
[PlyCount "144"]
[EventDate "2010.??.??"]

1. Nf3 d5 2. d4 Nf6 3. e3 c5 4. c3 Nc6 5. Bd3 e6 6. Nbd2 Bd6 7. O-O O-O 8. dxc5
Bxc5 9. e4 Qc7 10. Qe2 h6 11. e5 Ng4 12. Nb3 Bb6 13. Bf4 f6 14. Rae1 Ngxe5 15.
Nxe5 fxe5 16. Bxe5 Nxe5 17. Qxe5 Qxe5 18. Rxe5 Bc7 19. Re2 e5 20. Rfe1 e4 21.
Bc2 Bg4 22. Rd2 Rad8 23. Bd1 Bc8 24. Be2 Bb6 25. Nd4 Rf6 26. Bd1 Bd7 27. Bb3
Bc6 28. Rxe4 Kf8 29. Ne6+ Ke7 30. Nxd8+ dxe4 31. Nxc6+ bxc6 32. Re2 Kd6 33. Bc2
e3 34. fxe3 Ke5 35. Bd1 Ke4 36. Bc2+ Ke5 37. b4 c5 38. a3 cxb4 39. cxb4 Kd5 40.
Bd3 Rc6 41. Kf2 Rc3 42. Ba6 Rxa3 43. b5 Ke5 44. Kf3 Rc3 45. h4 Ra3 46. h5 Rc3
47. Kf2 Kf6 48. Bb7 Rc5 49. Bc6 Rxh5 50. Ke1 Rc5 51. e4 a6 52. Rf2+ Ke7 53. Rb2
Kd6 54. Ke2 Ke5 55. Kd3 Kf4 56. Bd7 axb5 57. Bxb5 Rc1 58. Ba4 Bd8 59. Be8 Rd1+
60. Ke2 Rd6 61. Rb7 Bf6 62. Bg6 Kg3 63. Kf1 Rd1+ 64. Ke2 Ra1 65. Kd3 Kxg2 66.
Kc4 Rd1 67. Rb5 Re1 68. Rh5 Kf3 69. Kd5 Rd1+ 70. Ke6 Bg5 71. Kf7 Rd7+ 72. Kg8
Bf6 0-1

[Event "XI Miedzynarodowy Festiwal Szachowy KOLO"]
[Site "KOLOBRZEG - Gimnazjum nr 3 - u"]
[Date "2010.??.??"]
[Round "3.8"]
[White "Aly, Adel Mohamed"]
[Black "Kuznicki, Cyprian"]
[Result "1-0"]
[WhiteElo "2132"]
[BlackElo "2014"]
[PlyCount "85"]
[EventDate "2010.??.??"]

1. g3 d5 2. Bg2 Nf6 3. d3 e5 4. Nf3 Bd6 5. c4 c6 6. cxd5 Nxd5 7. O-O O-O 8. e4
Nc7 9. d4 Bg4 10. dxe5 Bxf3 11. Qxf3 Bxe5 12. Nc3 Qf6 13. Qe2 Nd7 14. f4 Bd4+
15. Kh1 Rad8 16. e5 Qe7 17. Bd2 Nb6 18. Rae1 Ncd5 19. f5 f6 20. Qg4 Bxe5 21.
Bf4 Qf7 22. Bxe5 fxe5 23. Rxe5 Nf6 24. Qe2 Rfe8 25. Re6 Nbd5 26. Nxd5 cxd5 27.
g4 h6 28. h4 Rxe6 29. fxe6 Qe7 30. g5 hxg5 31. hxg5 Ne4 32. Bxe4 dxe4 33. Qh5
Rf8 34. Rc1 g6 35. Qxg6+ Qg7 36. Qxe4 Qxb2 37. Rc2 Qb1+ 38. Kg2 Qb5 39. Kh3
Qf1+ 40. Kg3 Qf5 41. Qxf5 Rxf5 42. Rc8+ Kg7 43. e7 1-0

[Event "XI Miedzynarodowy Festiwal Szachowy KOLO"]
[Site "KOLOBRZEG - Gimnazjum nr 3 - u"]
[Date "2010.??.??"]
[Round "4.1"]
[White "Kukawski, Maciej"]
[Black "Chmiel, Dominika"]
[Result "0-1"]
[WhiteElo "2327"]
[BlackElo "2170"]
[PlyCount "64"]
[EventDate "2010.??.??"]

1. e4 e5 2. Nf3 Nc6 3. Bb5 a6 4. Ba4 Nf6 5. O-O b5 6. Bb3 Bc5 7. c3 d6 8. a4
Rb8 9. d4 Bb6 10. axb5 axb5 11. Qd3 O-O 12. Bg5 Bg4 13. Nbd2 h6 14. Bxf6 Qxf6
15. Qxb5 Bd7 16. dxe5 Nxe5 17. Qe2 Bg4 18. Bd1 Rfe8 19. Re1 d5 20. Qf1 Nxf3+
21. gxf3 Bd7 22. Qg2 Re5 23. Nf1 h5 24. Ba4 Bxa4 25. Rxa4 Rg5 26. Ng3 h4 27.
exd5 hxg3 28. hxg3 Qg6 29. g4 Rxd5 30. Rae4 Rd2 31. R4e2 Rxe2 32. Rxe2 Qd3 0-1